| 000 | 00456cam a2200193ua 4500 | ||
|---|---|---|---|
| 001 | 3942 | ||
| 005 | 20260515113746.0 | ||
| 008 | 111209n ii |||gr||||Z||||||asm | ||
| 040 | _cMAIN | ||
| 082 | _a891.4511 | ||
| 100 | 1 | _aPathak, Gyananda Sarma, | |
| 245 | 1 | 1 |
_aBasantasena _cby Gyananda Sarma Pathak |
| 250 | _a2nd. | ||
| 260 |
_aGuwahati: _bImprint,994. |
||
| 300 |
_a31p: _c23cm. |
||
| 653 | _aAssamese poem | ||
| 653 | _aBasantasena | ||
| 942 | _cBK | ||
| 999 |
_c3762 _d3762 |
||